Aprender ética y ciudadanía : derechos humanos, democracia y participación /

Obra de educación cívica dirigida a los jóvenes de educación media en Argentina, que va acompañada con una serie de actividades prácticas que facilitan la asimilación de los conceptos allí desarrollados. El propósito es brindar las herramientas que le permitan comprender su entorno sociopolítico e i...

Popoln opis

Shranjeno v:
Bibliografske podrobnosti
Glavni avtor: Fariña, Mabel Beatriz (autor)
Drugi avtorji: Klainer, Rosa Ester (autor) (autor)
Format: Knjiga
Jezik:španščina
Izdano: Buenos Aires, Argentina : Lugar Editorial, 2004, c2004
Serija:(Enseñar y Aprender Lugar Editorial)
Teme:
Oznake: Označite
Brez oznak, prvi označite!

MARC

LEADER 00000nam^a2200000^a^4500
001 000181697
005 20250521000000.0
009 20260310101942.599
020 |a 950-892-182-X 
037 |a Acervo ITESO - Biblioteca 
041 |a ESP 
082 |a 370. 1150982  |b FAR 
100 |a Fariña, Mabel Beatriz  |e (autor) 
245 1 0 |a Aprender ética y ciudadanía :  |b derechos humanos, democracia y participación /  |c M.B. Fariña, R.E. Klainer. 
264 4 |a Buenos Aires, Argentina :  |b Lugar Editorial,  |c 2004, c2004 
300 |a 127 p. 
336 |a texto  |b txt  |2 rdacontenido 
337 |a sin mediación  |b n  |2 rdamedio 
338 |a volumen  |b nc  |2 rdasoporte 
440 1 |a (Enseñar y Aprender Lugar Editorial) 
520 |a Obra de educación cívica dirigida a los jóvenes de educación media en Argentina, que va acompañada con una serie de actividades prácticas que facilitan la asimilación de los conceptos allí desarrollados. El propósito es brindar las herramientas que le permitan comprender su entorno sociopolítico e interesarlos en participar en la construcción del mismo. Existe otro libro complementario titulado Enseñar ética y ciudadanía. 
649 |a XX 
650 |a Ciudadanía 
650 |a Participación Política 
650 |a Participación Social 
650 |a Democracia 
650 |a Nación 
650 |a Estado, El 
650 |a Derechos Humanos 
650 |a Etica -  |x Estudio y Enseñanza 
650 |a Educación Cívica -  |x Estudio y Enseñanza 
650 |a Educación Cívica -  |z Argentina 
650 |a Educación Media -  |z Argentina 
650 |a Educación -  |z Argentina 
700 |a Klainer, Rosa Ester  |e (autor) 
910 |a Fondo General 
920 |a Impresos - Libros 
930 |a Colección General 
905 |a 101 
901 |a 0500121520  |b IT1  |c ACC  |u 20250521 
902 |a https://opac.biblio.iteso.mx/vufind/Record/000181697